| 000 | 01553nam0a2200397 4500 | ||
|---|---|---|---|
| 001 | RU\NLR\BIBL_A\011926163 | ||
| 005 | 20190221150231.0 | ||
| 010 |
_a978-5-00087-145-4 _91000 |
||
| 021 |
_aRU _bКН-П-18-099172 _9КН-П-18-7200 |
||
| 035 | _a(NLR Aleph) 011926163 | ||
| 035 | _a(RuMoRGB)009847624 | ||
| 090 |
_a11013594 _c11013594 |
||
| 100 | _a20190201d2018 u y0rusy50 ca | ||
| 101 | 0 |
_arus _ager |
|
| 102 | _aRU | ||
| 105 | _aa|||z|||010ay | ||
| 200 | 1 |
_aТаинственные повести _dFantastische Erzählungen _fИван Тургенев _zger |
|
| 210 |
_aМосква _cЦентр книги Рудомино _d2018 |
||
| 215 |
_a349, [2] с. _cил. _d19 |
||
| 300 | _aАвт. также на нем. яз.: Iwan Turgenjew | ||
| 300 | _aТекст парал. рус., нем. | ||
| 300 | _a200-летию И.С. Тургенева посвящ. | ||
| 327 | 1 | _aСодерж.: Три встречи; Призраки; Собака; Сон; Песнь торжествующей любви | |
| 333 | _a12+ | ||
| 510 | 1 |
_6z33790 _aFantastische Erzählungen _zger |
|
| 686 | 2 | _aШ6(2=Р)52-4 | |
| 686 | 2 | _aШ6(2=Р)57нем. | |
| 700 | 1 |
_aТургенев _bИ. С. _f1818-1883 _gИван Сергеевич _3RU\NLR\AUTH\77102 |
|
| 790 | 1 |
_6z33510 _aTurgenev _bI. S. _f1818-1883 _gIvan Sergeevič _3RU\NLR\AUTH\771344 |
|
| 942 | _cBOOK | ||
| 980 | _aNBR | ||
| 980 | _aNB | ||